000 01000nam a2200253Ii 4500
003 JO-AjNU
005 20250723112735.0
008 230605s9999||||xx |||||||||||||| ||und||
017 _a2018/7/3279
040 _aJO-AjNU
_bara
_erda
_cJO-AjNU
041 _aara
050 1 4 _aHF5549.5.H3552 2019
100 1 _a بني حمدان، خالد محمد
_eمؤلف
_966625
245 0 _aادارة الموارد البشرية الحديثة - نظريا وتطبيقيا - /
_cتأليف خالد محمد بني حمدان، احلام ابراهيم العيثاوي
260 _aعمان :
_bالمؤلف،
_c2019
300 _a419صفحة
336 _atext
_btxt
_2rdacontent
337 _aunmediated
_bn
_2rdamedia
338 _avolume
_bnc
_2rdacarrier
504 _aيحتوي على مراجع وفهرس
650 7 _aالموارد البشرية-ادارة الافراد
_959634
700 1 _aالعيثاوي، احلام ابراهيم
_eمؤلف مشارك
_966626
942 _2lcc
_cBK
999 _c30413
_d30413